000
00334nam a22001577a 4500
003
SGT
020
_a
978-93-325-1898-8
082
_a
150
_b
A15B
100
_a
BUTCHER, JOMES N.
245
_a
ABNORMAL PSYCHOLOGY
250
_a
15TH
260
_a
INDIA
_b
PEARSON
_c
2015
300
_a
732
650
_a
PSYCHOLOGY
942
_2
ddc
_c
BK
999
_c
10571
_d
10571